ČSN 06 0830 Zabezpečovací zařízení pro ústřední vytápění a ohřívaní užitkové vody
| Médium: | Kniha |
|---|---|
| Jazyk: | neznámy jazyk |
| Fyzický popis: | 21 s. |
| Vydavateľské údaje: |
Praha
ÚNM
1966
|
MARC
| LEADER | 00000nam a2200000 a 4500 | ||
|---|---|---|---|
| 001 | vtls001279358 | ||
| 003 | SK-MaSNL | ||
| 005 | 20260224194104.0 | ||
| 008 | 210928s1966 xx 0 und | ||
| 035 | |a SNK000230707 | ||
| 040 | |a SNK |b slo |c SNK |e AACR2 | ||
| 245 | 1 | |a ČSN 06 0830 Zabezpečovací zařízení pro ústřední vytápění a ohřívaní užitkové vody | |
| 260 | |a Praha |b ÚNM |c 1966 | ||
| 300 | |a 21 s. | ||
| 958 | |a OND | ||
| 999 | |c 1143313 |d 1145243 | ||
| 952 | |t P60, <04>, [BOOK], {604} |a SNK |b SNK |y VYP |7 0 |p 17A0053319 |o snkČSN 06 0830 |0 0 |1 0 |4 0 |d 1997-03-10 |l 0 |r 2005-01-02 00:00:00 |w 2026-02-24 | ||


